000 00361nam a2200145Ia 4500
008 191201s2005 xx 000 0 und d
082 _a620.1
_bTAE
100 _aTAYAL, A K
245 0 _aEngineering Mechanics Statics and Dynamics
250 _a13th
260 _aN.Delhi
_bUmesh Publications
_c2005
300 _a685
650 _aB.Tech(ME)
942 _2ddc
_cBK
999 _c1053
_d1053